Sports Quiz

Random Sports or NBA Quiz
Score 0/103 Timer 08:00
0 Plays Today
Years Player % Correct
2003-04 to 2007-08LeBron James
97.7%
2004-05 to 2008-09LeBron James
97.7%
2005-06 to 2009-10LeBron James
97.7%
2006-07 to 2010-11LeBron James
97.7%
2007-08 to 2011-12LeBron James
97.7%
2008-09 to 2012-13LeBron James
97.7%
2009-10 to 2013-14LeBron James
97.6%
1984-85 to 1988-89Michael Jordan
97.6%
1985-86 to 1989-90Michael Jordan
97.6%
1986-87 to 1990-91Michael Jordan
97.6%
1987-88 to 1991-92Michael Jordan
97.6%
1988-89 to 1992-93Michael Jordan
97.6%
1989-90 to 1993-94Michael Jordan
97.6%
2001-02 to 2005-06Kobe Bryant
95.9%
2002-03 to 2006-07Kobe Bryant
95.9%
2003-04 to 2007-08Kobe Bryant
95.9%
2004-05 to 2008-09Kobe Bryant
95.9%
2005-06 to 2009-10Kobe Bryant
95.9%
2006-07 to 2010-11Kobe Bryant
95.9%
2007-08 to 2011-12Kobe Bryant
95.9%
1958-59 to 1962-63Wilt Chamberlain
95.5%
1959-60 to 1963-64Wilt Chamberlain
95.5%
1960-61 to 1964-65Wilt Chamberlain
95.5%
1961-62 to 1965-66Wilt Chamberlain
95.5%
1962-63 to 1966-67Wilt Chamberlain
95.5%
1963-64 to 1967-68Wilt Chamberlain
95.5%
1964-65 to 1968-69Wilt Chamberlain
95.5%
1968-69 to 1972-73Kareem Abdul-Jabbar
91.4%
1969-70 to 1973-74Kareem Abdul-Jabbar
91.4%
1971-72 to 1975-76Kareem Abdul-Jabbar
91.4%
1970-71 to 1974-75Kareem Abdul-Jabbar
91.4%
1972-73 to 1976-77Kareem Abdul-Jabbar
91.4%
1973-74 to 1977-78Kareem Abdul-Jabbar
91.4%
1982-83 to 1986-87Larry Bird
91.2%
1983-84 to 1987-88Larry Bird
91.2%
Years Player % Correct
2008-09 to 2012-13Kevin Durant
89.7%
2009-10 to 2013-14Kevin Durant
89.6%
1985-86 to 1989-90Karl Malone
88.6%
1986-87 to 1990-91Karl Malone
88.6%
1987-88 to 1991-92Karl Malone
88.6%
1988-89 to 1992-93Karl Malone
88.6%
1989-90 to 1993-94Karl Malone
88.6%
1990-91 to 1994-95Karl Malone
88.6%
1991-92 to 1995-96Karl Malone
88.6%
1992-93 to 1996-97Karl Malone
88.6%
1993-94 to 1997-98Karl Malone
88.6%
1977-78 to 1981-82Moses Malone
88.4%
1978-79 to 1982-83Moses Malone
88.4%
1979-80 to 1983-84Moses Malone
88.4%
1980-81 to 1984-85Moses Malone
88.4%
2001-02 to 2005-06Allen Iverson
85.7%
1961-62 to 1965-66Jerry West
85.3%
1962-63 to 1966-67Jerry West
85.3%
1963-64 to 1967-68Jerry West
85.3%
1992-93 to 1996-97Hakeem Olajuwon
83.8%
1990-91 to 1994-95David Robinson
79.4%
1991-92 to 1995-96David Robinson
79.4%
1960-61 to 1964-65Oscar Robertson
76.6%
1961-62 to 1965-66Oscar Robertson
76.6%
1962-63 to 1966-67Oscar Robertson
76.6%
1963-64 to 1967-68Oscar Robertson
76.6%
1964-65 to 1968-69Oscar Robertson
76.6%
1965-66 to 1969-70Oscar Robertson
76.6%
2000-01 to 2004-05Tracy McGrady
76.5%
1958-59 to 1962-63Elgin Baylor
74.4%
1959-60 to 1963-64Elgin Baylor
74.4%
1960-61 to 1964-65Elgin Baylor
74.4%
1988-89 to 1992-93Patrick Ewing
72.8%
1989-90 to 1993-94Patrick Ewing
72.8%
2004-05 to 2008-09Dirk Nowitzki
72.6%
Years Player % Correct
2005-06 to 2009-10Dirk Nowitzki
72.6%
1957-58 to 1961-62Bob Pettit
69.3%
1958-59 to 1962-63Bob Pettit
69.3%
1959-60 to 1963-64Bob Pettit
69.3%
1960-61 to 1964-65Bob Pettit
69.3%
1967-68 to 1971-72John Havlicek
69.1%
1968-69 to 1972-73John Havlicek
69.1%
1969-70 to 1973-74John Havlicek
69.1%
1976-77 to 1980-81George Gervin
66.9%
1977-78 to 1981-82George Gervin
66.9%
1978-79 to 1982-83George Gervin
66.9%
1979-80 to 1983-84George Gervin
66.9%
1980-81 to 1984-85George Gervin
66.9%
1980-81 to 1984-85Alex English
65.9%
1981-82 to 1985-86Alex English
65.9%
1982-83 to 1986-87Alex English
65.9%
1983-84 to 1987-88Alex English
65.9%
1984-85 to 1988-89Alex English
65.9%
1985-86 to 1989-90Alex English
65.9%
1982-83 to 1986-87Dominique Wilkins
65.8%
1983-84 to 1987-88Dominique Wilkins
65.8%
1984-85 to 1988-89Dominique Wilkins
65.8%
1985-86 to 1989-90Dominique Wilkins
65.8%
1986-87 to 1990-91Dominique Wilkins
65.8%
1968-69 to 1972-73Elvin Hayes
56.7%
1969-70 to 1973-74Elvin Hayes
56.7%
1972-73 to 1976-77Bob McAdoo
50.7%
1973-74 to 1977-78Bob McAdoo
50.7%
1974-75 to 1978-79Bob McAdoo
50.7%
1982-83 to 1986-87Mark Aguirre
29.6%
1983-84 to 1987-88Mark Aguirre
29.6%
1961-62 to 1965-66Walt Bellamy
28.9%
1982-83 to 1986-87Kiki Vandeweghe
24.4%
Remove Ads.
Support Sporcle.
Get the best of Sporcle when you Go Orange. This ad-free experience offers more features, more stats, and more fun while also helping to support Sporcle. Thank you for becoming a member.

You're not logged in!

Compare scores with friends on all Sporcle quizzes.
OR
Log In

Show Comments

Extras

Top Quizzes Today


Score Distribution

Your Account Isn't Verified!

In order to create a playlist on Sporcle, you need to verify the email address you used during registration. Go to your Sporcle Settings to finish the process.

Report this User

Report this user for behavior that violates our Community Guidelines.

Details: